Ich Glaube An Jesus Christus I Believe In Jesus Christ (Record no. 227495)
[ view plain ]
| 000 -LEADER | |
|---|---|
| fixed length control field | 00579nam a22002057a 4500 |
| 005 - DATE AND TIME OF LATEST TRANSACTION | |
| control field | 20230615105117.0 |
| 008 - FIXED-LENGTH DATA ELEMENTS--GENERAL INFORMATION | |
| fixed length control field | 230612b ||||| |||| 00| 0 eng d |
| 040 ## - CATALOGING SOURCE | |
| Transcribing agency | AL |
| 041 ## - LANGUAGE CODE | |
| Language code of text/sound track or separate title | German |
| 082 ## - DEWEY DECIMAL CLASSIFICATION NUMBER | |
| Edition number | 23 |
| Classification number | 232 |
| Item number | RAHI |
| 100 ## - MAIN ENTRY--PERSONAL NAME | |
| Personal name | Karl Rahner |
| 100 ## - MAIN ENTRY--PERSONAL NAME | |
| 9 (RLIN) | 123996 |
| 245 ## - TITLE STATEMENT | |
| Title | Ich Glaube An Jesus Christus I Believe In Jesus Christ |
| 260 ## - PUBLICATION, DISTRIBUTION, ETC. | |
| Place of publication, distribution, etc. | Verlag |
| Name of publisher, distributor, etc. | Benziger |
| Date of publication, distribution, etc. | 1968 |
| 300 ## - PHYSICAL DESCRIPTION | |
| Extent | 70 p. |
| Other physical details | PB |
| Dimensions | 20x11 cm. |
| 650 ## - SUBJECT ADDED ENTRY--TOPICAL TERM | |
| Topical term or geographic name entry element | Theological Meditations |
| 9 (RLIN) | 123635 |
| 650 ## - SUBJECT ADDED ENTRY--TOPICAL TERM | |
| Topical term or geographic name entry element | Christianity |
| 9 (RLIN) | 123997 |
| 690 ## - LOCAL SUBJECT ADDED ENTRY--TOPICAL TERM (OCLC, RLIN) | |
| Topical term or geographic name as entry element | Religion |
| 9 (RLIN) | 123998 |
| 700 ## - ADDED ENTRY--PERSONAL NAME | |
| Personal name | RAHNER (Karl) |
| 9 (RLIN) | 123636 |
| 942 ## - ADDED ENTRY ELEMENTS (KOHA) | |
| Source of classification or shelving scheme | Dewey Decimal Classification |
| Koha item type | Donated Books |
| Withdrawn status | Lost status | Source of classification or shelving scheme | Damaged status | Not for loan | Collection code | Home library | Current library | Date acquired | Total Checkouts | Full call number | Barcode | Date last seen | Price effective from | Koha item type | Public note |
|---|---|---|---|---|---|---|---|---|---|---|---|---|---|---|---|
| Dewey Decimal Classification | Others | St Aloysius Library | St Aloysius Library | 06/08/2023 | 232 RAHI | D05763 | 06/12/2023 | 06/12/2023 | Donated Books | Donated by Fr.Leo Dsouza SJ |